Urgencias quirúrgicas (Record no. 13898)
[ view plain ]
| 000 -CABECERA | |
|---|---|
| campo de control de longitud fija | 02482nam a2200337 4500 |
| 003 - IDENTIFICADOR DEL NÚMERO DE CONTROL | |
| campo de control | EC-UNACH |
| 005 - FECHA Y HORA DE LA ÚLTIMA TRANSACCIÓN | |
| campo de control | 20250924124010.0 |
| 006 - CÓDIGOS DE INFORMACIÓN DE LONGITUD FIJA--CARACTERÍSTICAS DEL MATERIAL ADICIONAL | |
| campo de control de longitud fija | s||||gr|||| 00| 00 |
| 008 - DATOS DE LONGITUD FIJA--INFORMACIÓN GENERAL | |
| campo de control de longitud fija | 150116t9999 mx r gr 000 0 spa d |
| 020 ## - NÚMERO INTERNACIONAL ESTÁNDAR DEL LIBRO | |
| Número Internacional Estándar del Libro | 9789978456873 |
| 040 ## - FUENTE DE LA CATALOGACIÓN | |
| Centro catalogador/agencia de origen | EC-UNACH |
| Centro/agencia transcriptor | EC-UNACH |
| 041 ## - CÓDIGO DE LENGUA | |
| Código de lengua del texto/banda sonora o título independiente | spa |
| 082 04 - NÚMERO DE LA CLASIFICACIÓN DECIMAL DEWEY | |
| Número de edición | 23 |
| Número de clasificación | 610.736 |
| Número de documento/Ítem | L000047 |
| 245 ## - MENCIÓN DE TÍTULO | |
| Título | Urgencias quirúrgicas |
| 250 ## - MENCIÓN DE EDICIÓN | |
| Mención de edición | Primera edición |
| 264 ## - Producción, publicación, distribución, fabricación y copyright | |
| Lugar de producción, publicación, distribución, fabricación | Riobamba - Ecuador |
| Nombre del de productor, editor, distribuidor, fabricante | Unach |
| Fecha de de producción, publicación, distribución, fabricación o copyright | 2006 |
| 300 ## - DESCRIPCIÓN FÍSICA | |
| Extensión | 638 páginas |
| Otras características físicas | Figuras |
| Dimensiones | 14,5 X 21 cm |
| 505 ## - NOTA DE CONTENIDO CON FORMATO | |
| Nota de contenido con formato | Accesos venenosos -- Traqueostomía -- Profilaxis antibiótica -- Líquidos y electrolitos en cirugía -- Infección de heridas quirúrgicas -- Sondas naso intestinales -- Hemofilia en paciente quirúrgico -- Quemaduras -- Cuerpos extraños en el tracto digestivo -- Lesiones causticas de esófago -- Abdomen agudo -- Colelitiasis y colecistitis aguda -- Colangitis aguda -- Coledocolitiasis -- Ulcera péptica -- Pancreatitis aguda -- Apendicitis aguda -- Isquemia intestinal -- Salmonelosis complicada -- Megacolon tóxico -- Enfermedad diverticular del colon -- Peritoneo y peritonitis -- Sepsis abdominal -- Absceso intraabdominal -- Enfermedad inflamatoria pélvica -- Vólvulo de sigma -- Quiste ovárico torcido-hemorrágico -- Embarazo ectópico -- Cirugía de control de daños -- Hernia diafragmática traumática -- Trauma esplénico -- Trauma hepático -- Hematoma retroperitoneal -- Trauma pancreático -- Trauma de intestino delgado -- Trauma de colon -- Trauma renal -- Trauma vascular abdominal -- Síndrome de hellp -- Síndrome compartimental abdominal -- Hemorragia digestiva alta -- Hemorragia digestiva baja -- Rotura uterina -- Trauma genitourinario -- Lesiones traumáticas de vulva y vagina -- Hernia encarcelada -- Prostatitis -- Escroto agudo -- Retención aguda de orina -- Litiasis urinaria --Gangrena de Fournier -- Trauma de tórax -- Quiste pilonidal -- Enfermedad hemorroidal -- Abscesos del ano -- Lesión de vía biliar en cirugía laparoscópica -- Complicaciones en cirugía laparoscópica -- Manejo del dolor en el trauma -- Uso racional de drenes -- Anexos. |
| 650 ## - PUNTO DE ACCESO ADICIONAL DE MATERIA--TÉRMINO DE MATERIA | |
| 9 (RLIN) | ABDOMEN AGUDO |
| 650 ## - PUNTO DE ACCESO ADICIONAL DE MATERIA--TÉRMINO DE MATERIA | |
| Término de materia o nombre geográfico como elemento inicial | QUEMADURAS |
| 650 ## - PUNTO DE ACCESO ADICIONAL DE MATERIA--TÉRMINO DE MATERIA | |
| Término de materia o nombre geográfico como elemento inicial | COLANGITIS AGUDA |
| 650 ## - PUNTO DE ACCESO ADICIONAL DE MATERIA--TÉRMINO DE MATERIA | |
| Término de materia o nombre geográfico como elemento inicial | TRAQUEOSTOMÍA |
| 700 ## - PUNTO DE ACCESO ADICIONAL--NOMBRE DE PERSONA | |
| Nombre de persona | Ochoa, Gasman |
| 700 ## - PUNTO DE ACCESO ADICIONAL--NOMBRE DE PERSONA | |
| Nombre de persona | Pozo, Patricio |
| 700 ## - PUNTO DE ACCESO ADICIONAL--NOMBRE DE PERSONA | |
| Nombre de persona | Rodríguez, Byron |
| 710 ## - PUNTO DE ACCESO ADICIONAL--NOMBRE DE ENTIDAD CORPORATIVA | |
| Nombre de entidad corporativa o nombre de jurisdicción como elemento de entrada | Unach |
| 942 ## - ELEMENTOS DE PUNTO DE ACCESO ADICIONAL (KOHA) | |
| Fuente del sistema de clasificación o colocación | Clasificación Decimal Dewey |
| Tipo de ítem Koha | Libros |
| 999 ## - NÚMEROS DE CONTROL DE SISTEMA (KOHA) | |
| Koha biblionumber | 13898 |
| Estado de pérdida | Fuente del sistema de clasificación o colocación | Estado dañado | No para préstamo | Localización permanente | Ubicación/localización actual | Ubicación en estantería | Fecha de adquisición | Fuente de adquisición | Número de inventario | Total de préstamos | Signatura topográfica completa | Código de barras | Fecha visto por última vez | Número de copia | Precio válido a partir de | Tipo de ítem Koha | Centro de costos |
|---|---|---|---|---|---|---|---|---|---|---|---|---|---|---|---|---|---|
| Clasificación Decimal Dewey | Biblioteca Campus Norte | Biblioteca Campus Norte | Centro de Idiomas - Facultad de Ciencias de la Salud | 24/09/2025 | Unach | 39933439 | 610.736 UNA L000047 | L000047 | 24/09/2025 | 03 | 24/09/2025 | Libros |